[Event "MCRDMZ 2018"]
[Site "Varnsdorf"]
[Date "2018.06.17"]
[Round "6.12"]
[White "Movsisyan Lusine (Kurim)"]
[Black "Buchtova Viktorie (BSS F-M A)"]
[Result "0-1"]
[BlackElo "1118"]
[WhiteElo "1009"]
[LiveChessVersion "1.4.8"]

1. e4 {[%clk 0:25:18]} e5 {[%clk 0:25:19]} 2. Nf3 {[%clk 0:25:26]} Nc6
{[%clk 0:25:28]} 3. d4 {[%clk 0:25:34]} exd4 {[%clk 0:25:36]} 4. Nxd4
{[%clk 0:25:41]} Nf6 {[%clk 0:25:42]} 5. Nc3 {[%clk 0:25:47]} Bb4
{[%clk 0:25:51]} 6. Bd2 {[%clk 0:25:48]} Nxd4 {[%clk 0:25:51]} 7. Bg5
{[%clk 0:25:23]} Nc6 {[%clk 0:25:35]} 8. Bd3 {[%clk 0:24:40]} O-O
{[%clk 0:25:28]} 9. O-O {[%clk 0:24:46]} Bxc3 {[%clk 0:25:31]} 10. bxc3
{[%clk 0:24:53]} d6 {[%clk 0:25:30]} 11. Re1 {[%clk 0:24:39]} d5 {[%clk 0:24:32]}
12. e5 {[%clk 0:24:09]} h6 {[%clk 0:24:37]} 13. Bf4 {[%clk 0:23:30]} Ne4
{[%clk 0:23:49]} 14. c4 {[%clk 0:21:59]} Nc3 {[%clk 0:23:47]} 15. Qf3
{[%clk 0:20:51]} d4 {[%clk 0:23:25]} 16. Bd2 {[%clk 0:20:31]} Re8
{[%clk 0:23:07]} 17. Qg3 {[%clk 0:19:46]} Re6 {[%clk 0:20:18]} 18. Bf5
{[%clk 0:18:57]} Re8 {[%clk 0:19:41]} 19. Bxh6 {[%clk 0:17:30]} g6
{[%clk 0:19:44]} 20. Bh3 {[%clk 0:16:19]} Be6 {[%clk 0:16:01]} 21. Qf3
{[%clk 0:15:00]} Qh4 {[%clk 0:12:42]} 22. Qf6 {[%clk 0:14:30]} Qxh6
{[%clk 0:12:35]} 23. Qf3 {[%clk 0:12:08]} Bxc4 {[%clk 0:12:03]} 24. a4
{[%clk 0:11:48]} Nxe5 {[%clk 0:11:23]} 25. Qxb7 {[%clk 0:11:30]} Qg5
{[%clk 0:11:06]} 26. a5 {[%clk 0:10:16]} Bd5 {[%clk 0:11:12]} 27. Qb4
{[%clk 0:07:23]} Nf3+ {[%clk 0:11:05]} 28. Kf1 {[%clk 0:07:08]} Nxe1
{[%clk 0:11:12]} 29. Qxd4 {[%clk 0:06:40]} Nxc2 30. Qxc3 Nxa1 {[%clk 0:11:06]}
31. Qxa1 {[%clk 0:06:18]} Bc4+ {[%clk 0:11:03]} 32. Kg1 {[%clk 0:06:12]} Qd2
{[%clk 0:11:09]} 33. g3 {[%clk 0:06:04]} Re2 {[%clk 0:11:05]} 34. Bg2 Rxf2 35.
Bxa8 {[%clk 0:06:05]} Rxh2 {[%clk 0:11:13]} 36. g4 {[%clk 0:05:35]} Qf2#
{[%clk 0:11:19]} 0-1

[Event "MCRDMZ 2018"]
[Site "Varnsdorf"]
[Date "2018.06.17"]
[Round "6.13"]
[White "Prochazka Vojtech (Unichess)"]
[Black "Kanak Matyas (BSS F-M B)"]
[Result "1-0"]
[BlackElo "1569"]
[WhiteElo "1482"]
[LiveChessVersion "1.4.8"]

1. e4 {[%clk 0:25:16]} c5 {[%clk 0:25:19]} 2. Nf3 {[%clk 0:25:25]} e6
{[%clk 0:25:29]} 3. c3 {[%clk 0:25:30]} d5 {[%clk 0:25:37]} 4. exd5
{[%clk 0:25:35]} exd5 {[%clk 0:25:46]} 5. d4 {[%clk 0:25:39]} Nf6
{[%clk 0:25:40]} 6. Be3 {[%clk 0:24:16]} cxd4 {[%clk 0:25:43]} 7. Nxd4
{[%clk 0:24:17]} Nc6 {[%clk 0:25:51]} 8. Bb5 {[%clk 0:23:20]} Bd7
{[%clk 0:25:51]} 9. O-O {[%clk 0:23:00]} Be7 {[%clk 0:25:51]} 10. Nd2
{[%clk 0:22:45]} O-O {[%clk 0:25:52]} 11. N2f3 {[%clk 0:22:25]} a6
{[%clk 0:25:53]} 12. Bd3 {[%clk 0:20:08]} Bg4 {[%clk 0:24:45]} 13. Qc2
{[%clk 0:19:20]} Qc7 {[%clk 0:24:09]} 14. h3 {[%clk 0:18:00]} Bh5
{[%clk 0:24:09]} 15. Rfe1 {[%clk 0:17:29]} Bd6 {[%clk 0:24:02]} 16. Bg5
{[%clk 0:15:35]} Bg6 {[%clk 0:23:04]} 17. Bxf6 {[%clk 0:13:53]} gxf6
{[%clk 0:23:11]} 18. Rad1 {[%clk 0:13:54]} Ne5 {[%clk 0:22:40]} 19. Nf5
{[%clk 0:13:14]} Nxd3 {[%clk 0:21:05]} 20. Qxd3 {[%clk 0:13:18]} Qd7
{[%clk 0:20:56]} 21. N3d4 {[%clk 0:13:10]} Be5 {[%clk 0:20:16]} 22. Qf3
{[%clk 0:12:52]} Rfe8 {[%clk 0:18:26]} 23. h4 {[%clk 0:12:27]} Bxd4
{[%clk 0:17:58]} 24. Nxd4 {[%clk 0:12:33]} Rxe1+ {[%clk 0:16:41]} 25. Rxe1
{[%clk 0:12:41]} Qd6 {[%clk 0:15:44]} 26. Nf5 {[%clk 0:11:44]} Bxf5
{[%clk 0:15:47]} 27. Qxf5 {[%clk 0:11:52]} d4 {[%clk 0:15:16]} 28. Qg4+
{[%clk 0:11:58]} Kf8 {[%clk 0:15:23]} 29. Qxd4 {[%clk 0:12:04]} Qxd4
{[%clk 0:12:06]} 30. cxd4 {[%clk 0:12:13]} Rd8 {[%clk 0:12:15]} 31. Rd1
{[%clk 0:11:44]} Ke7 {[%clk 0:12:23]} 32. f3 {[%clk 0:11:53]} Ke6
{[%clk 0:12:27]} 33. Kf2 {[%clk 0:11:52]} Rd5 {[%clk 0:11:53]} 34. Ke3
{[%clk 0:11:29]} f5 {[%clk 0:11:58]} 35. Re1 {[%clk 0:10:51]} Kd6
{[%clk 0:11:36]} 36. f4 {[%clk 0:09:42]} f6 {[%clk 0:11:30]} 37. Kd3
{[%clk 0:09:34]} Ra5 {[%clk 0:11:11]} 38. a3 {[%clk 0:09:36]} Rb5
{[%clk 0:11:19]} 39. Re2 {[%clk 0:08:13]} Rd5 {[%clk 0:11:09]} 40. Rc2
{[%clk 0:07:52]} Rb5 {[%clk 0:10:53]} 41. b4 {[%clk 0:07:43]} a5 {[%clk 0:10:10]}
42. Rc5 {[%clk 0:07:29]} Rxc5 {[%clk 0:09:51]} 43. bxc5+ {[%clk 0:07:01]} Kd5
{[%clk 0:09:59]} 44. a4 {[%clk 0:07:05]} h5 {[%clk 0:10:08]} 45. g3
{[%clk 0:07:14]} Kc6 {[%clk 0:10:06]} 46. Kc4 {[%clk 0:07:21]} Kd7
{[%clk 0:09:54]} 47. d5 {[%clk 0:07:06]} Kc7 {[%clk 0:10:00]} 48. Kb5
{[%clk 0:07:07]} Kd7 {[%clk 0:10:04]} 49. Kxa5 {[%clk 0:07:10]} Kc7
{[%clk 0:10:12]} 50. Kb5 {[%clk 0:07:18]} Kd7 {[%clk 0:10:20]} 51. Kb6
{[%clk 0:07:27]} Kc8 {[%clk 0:10:29]} 52. a5 {[%clk 0:07:32]} Kb8
{[%clk 0:10:31]} 53. a6 {[%clk 0:07:37]} bxa6 {[%clk 0:10:39]} 54. Kxa6
{[%clk 0:07:46]} Kc7 {[%clk 0:10:48]} 55. Ka7 {[%clk 0:07:51]} Kc8
{[%clk 0:10:55]} 56. Kb6 {[%clk 0:08:00]} Kd7 {[%clk 0:11:04]} 57. Kb7
{[%clk 0:08:04]} Kd8 {[%clk 0:11:12]} 58. Kc6 {[%clk 0:08:12]} Kc8
{[%clk 0:11:20]} 59. d6 {[%clk 0:08:21]} Kd8 {[%clk 0:11:29]} 60. Kb7
{[%clk 0:08:25]} Kd7 {[%clk 0:11:38]} 61. c6+ {[%clk 0:08:34]} Kxd6
{[%clk 0:11:47]} 62. c7 {[%clk 0:08:42]} Kd5 {[%clk 0:11:56]} 63. c8=Q
{[%clk 0:08:48]} Ke4 {[%clk 0:12:04]} 64. Qc3 {[%clk 0:08:40]} Kd5
{[%clk 0:12:13]} 65. Qxf6 Ke4 {[%clk 0:12:20]} 66. Qg5 {[%clk 0:08:43]} Kf3
{[%clk 0:12:27]} 67. Kc6 {[%clk 0:08:50]} Ke4 {[%clk 0:12:35]} 68. Qxh5
{[%clk 0:08:57]} Kd4 {[%clk 0:12:40]} 69. Qxf5 {[%clk 0:09:03]} Ke3
{[%clk 0:12:48]} 70. Qc5+ {[%clk 0:09:04]} Kf3 {[%clk 0:12:56]} 71. Qd4
{[%clk 0:09:10]} Kxg3 {[%clk 0:13:04]} 72. f5 {[%clk 0:09:18]} Kf3
{[%clk 0:13:13]} 73. h5 {[%clk 0:09:24]} Kg3 {[%clk 0:13:21]} 74. Qe4
{[%clk 0:09:32]} Kh3 {[%clk 0:13:30]} 75. Qf3+ {[%clk 0:09:31]} Kh4
{[%clk 0:13:37]} 76. Qg2 {[%clk 0:09:40]} Kxh5 {[%clk 0:13:45]} 77. Qg3
{[%clk 0:09:48]} Kh6 {[%clk 0:13:53]} 78. Qg4 {[%clk 0:09:56]} Kh7
{[%clk 0:14:02]} 79. Qg5 {[%clk 0:10:05]} Kh8 {[%clk 0:14:11]} 80. f6
{[%clk 0:10:11]} Kh7 {[%clk 0:14:20]} 81. f7 {[%clk 0:10:19]} Kh8
{[%clk 0:14:28]} 82. f8=Q+ {[%clk 0:10:19]} Kh7 {[%clk 0:14:37]} 83. Qgh6#
{[%clk 0:10:25]} 1-0

[Event "MCRDMZ 2018"]
[Site "Varnsdorf"]
[Date "2018.06.17"]
[Round "6.14"]
[White "Gebauer Adam (BSS F-M B)"]
[Black "Soucek Petr (Unichess)"]
[Result "1-0"]
[BlackElo "1539"]
[WhiteElo "1363"]
[LiveChessVersion "1.4.8"]

1. e4 {[%clk 0:25:18]} c5 {[%clk 0:25:17]} 2. Nf3 {[%clk 0:25:26]} d6
{[%clk 0:25:25]} 3. c3 {[%clk 0:25:34]} Nf6 {[%clk 0:25:32]} 4. Qc2
{[%clk 0:25:43]} Nbd7 {[%clk 0:25:23]} 5. d4 {[%clk 0:25:50]} cxd4
{[%clk 0:24:14]} 6. cxd4 {[%clk 0:25:54]} e6 {[%clk 0:23:32]} 7. Nc3
{[%clk 0:25:43]} Qc7 {[%clk 0:20:24]} 8. Bb5 {[%clk 0:24:37]} a6 {[%clk 0:20:10]}
9. Bd3 {[%clk 0:24:09]} b5 {[%clk 0:18:16]} 10. a3 {[%clk 0:23:06]} Bb7
{[%clk 0:17:50]} 11. h3 {[%clk 0:21:50]} Rc8 {[%clk 0:17:25]} 12. Qe2
{[%clk 0:20:05]} e5 {[%clk 0:14:48]} 13. d5 {[%clk 0:18:10]} Nc5 {[%clk 0:14:36]}
14. Be3 {[%clk 0:17:02]} Nxd3+ {[%clk 0:13:43]} 15. Qxd3 {[%clk 0:17:07]} Be7
{[%clk 0:13:19]} 16. O-O {[%clk 0:17:01]} O-O {[%clk 0:13:17]} 17. Rac1
{[%clk 0:16:53]} Qc4 {[%clk 0:13:00]} 18. Qxc4 {[%clk 0:16:25]} Rxc4
{[%clk 0:13:08]} 19. Nd2 {[%clk 0:16:26]} Rcc8 {[%clk 0:12:35]} 20. f4
{[%clk 0:15:19]} Nd7 {[%clk 0:11:57]} 21. Nb3 {[%clk 0:12:34]} Rc7
{[%clk 0:08:40]} 22. Rfd1 {[%clk 0:09:27]} Rcc8 {[%clk 0:05:11]} 23. Ne2
{[%clk 0:07:35]} h6 {[%clk 0:04:07]} 24. Ng3 {[%clk 0:07:14]} exf4
{[%clk 0:02:13]} 25. Bxf4 {[%clk 0:07:17]} g5 {[%clk 0:01:56]} 26. Be3
{[%clk 0:07:00]} Bf6 {[%clk 0:01:49]} 27. Rxc8 {[%clk 0:05:56]} Rxc8
{[%clk 0:01:58]} 28. Rd2 {[%clk 0:06:02]} Ne5 {[%clk 0:01:47]} 29. Bd4
{[%clk 0:05:11]} Kg7 {[%clk 0:01:27]} 30. Nf5+ {[%clk 0:05:04]} Kg6
{[%clk 0:01:14]} 31. Nxd6 {[%clk 0:04:47]} Rc7 {[%clk 0:00:38]} 32. Ne8
{[%clk 0:04:41]} Re7 {[%clk 0:00:23]} 33. Nxf6 {[%clk 0:04:48]} Kxf6
{[%clk 0:00:29]} 34. Nc5 {[%clk 0:04:32]} Bc8 {[%clk 0:00:13]} 35. Nd3
{[%clk 0:04:25]} Bb7 {[%clk 0:00:13]} 36. Nxe5 {[%clk 0:04:28]} Rxe5
{[%clk 0:00:13]} 37. Rf2+ {[%clk 0:04:37]} Kg6 {[%clk 0:00:17]} 38. Bxe5
{[%clk 0:04:44]} Bc8 {[%clk 0:00:18]} 39. Rf6+ {[%clk 0:04:52]} Kh5
{[%clk 0:00:17]} 40. g4+ {[%clk 0:04:55]} Kh4 {[%clk 0:00:19]} 41. Rxh6#
{[%clk 0:05:01]} 1-0

[Event "MCRDMZ 2018"]
[Site "Varnsdorf"]
[Date "2018.06.17"]
[Round "6.15"]
[White "Soucek Jan (Unichess)"]
[Black "Czepiec Richard (BSS F-M B)"]
[Result "0-1"]
[BlackElo "1430"]
[WhiteElo "1444"]
[LiveChessVersion "1.4.8"]

1. d4 {[%clk 0:25:17]} d5 {[%clk 0:25:17]} 2. c4 {[%clk 0:25:24]} c6
{[%clk 0:25:23]} 3. Nf3 {[%clk 0:25:29]} Nf6 {[%clk 0:25:30]} 4. Nc3
{[%clk 0:25:38]} Bf5 {[%clk 0:25:26]} 5. e3 {[%clk 0:24:54]} Nbd7
{[%clk 0:25:27]} 6. Qb3 {[%clk 0:24:55]} Rb8 {[%clk 0:24:47]} 7. cxd5
{[%clk 0:24:52]} cxd5 {[%clk 0:24:46]} 8. Nxd5 {[%clk 0:24:18]} Be6
{[%clk 0:24:32]} 9. Nxf6+ Nxf6 {[%clk 0:24:39]} 10. Qa4+ {[%clk 0:24:20]} Bd7
{[%clk 0:24:37]} 11. Bb5 {[%clk 0:23:11]} Bxb5 {[%clk 0:24:30]} 12. Qxb5+
{[%clk 0:23:20]} Qd7 {[%clk 0:24:23]} 13. Qxd7+ {[%clk 0:23:09]} Nxd7
{[%clk 0:24:31]} 14. Bd2 {[%clk 0:22:56]} e6 {[%clk 0:24:38]} 15. O-O
{[%clk 0:22:51]} Bd6 {[%clk 0:24:44]} 16. Rac1 {[%clk 0:22:30]} O-O
{[%clk 0:24:47]} 17. Ba5 {[%clk 0:22:08]} Rbc8 {[%clk 0:24:42]} 18. h3
{[%clk 0:21:48]} e5 {[%clk 0:24:19]} 19. dxe5 {[%clk 0:19:15]} Nxe5
{[%clk 0:24:06]} 20. Nd4 {[%clk 0:16:16]} Nd3 {[%clk 0:23:28]} 21. Rb1
{[%clk 0:15:21]} Be5 {[%clk 0:22:50]} 22. Nf5 {[%clk 0:14:16]} Bf6
{[%clk 0:22:05]} 23. Bc3 {[%clk 0:11:41]} Rc6 {[%clk 0:21:11]} 24. Bxf6
{[%clk 0:10:55]} Rxf6 {[%clk 0:21:18]} 25. Rfd1 {[%clk 0:08:14]} Nxf2
{[%clk 0:21:23]} 26. Ne7+ {[%clk 0:04:19]} Kh8 {[%clk 0:21:26]} 27. Rd7
{[%clk 0:04:24]} Ne4 {[%clk 0:20:19]} 28. Rxb7 a6 {[%clk 0:20:17]} 29. Nd5
{[%clk 0:03:03]} Rd6 {[%clk 0:19:52]} 30. Nc3 {[%clk 0:02:40]} Nc5
{[%clk 0:19:37]} 31. Ra7 {[%clk 0:02:22]} Re8 {[%clk 0:19:17]} 32. Rxf7
{[%clk 0:02:24]} Kg8 {[%clk 0:19:14]} 33. Rf3 {[%clk 0:01:51]} h6
{[%clk 0:18:45]} 34. Kh1 {[%clk 0:00:33]} Rde6 {[%clk 0:18:42]} 35. Re1
{[%clk 0:00:39]} Nd3 {[%clk 0:18:50]} 36. Re2 {[%clk 0:00:41]} a5
{[%clk 0:18:24]} 37. e4 {[%clk 0:00:42]} Nc5 {[%clk 0:18:21]} 38. Rfe3
{[%clk 0:00:39]} Nd7 {[%clk 0:18:13]} 39. Nd5 {[%clk 0:00:42]} Re5
{[%clk 0:17:44]} 40. Nc3 {[%clk 0:00:39]} Nb6 {[%clk 0:17:37]} 41. Kg1
{[%clk 0:00:24]} Rf8 {[%clk 0:17:02]} 42. Kh2 {[%clk 0:00:17]} Rfe8
{[%clk 0:16:41]} 43. Kg1 {[%clk 0:00:25]} Rf8 {[%clk 0:16:46]} 44. Kh2
{[%clk 0:00:33]} Rfe8 {[%clk 0:16:55]} 45. Kh1 {[%clk 0:00:42]} Nc4
{[%clk 0:16:38]} 46. Rd3 {[%clk 0:00:50]} Nb6 {[%clk 0:16:19]} 47. Rd6
{[%clk 0:00:53]} Nc8 {[%clk 0:16:02]} 48. Rc6 {[%clk 0:00:27]} Ne7
{[%clk 0:15:39]} 49. Ra6 {[%clk 0:00:30]} Kh7 {[%clk 0:15:14]} 50. Rb6
{[%clk 0:00:33]} Ng6 {[%clk 0:15:15]} 51. Ra6 {[%clk 0:00:22]} Nf4
{[%clk 0:15:10]} 52. Re3 {[%clk 0:00:31]} Nh5 {[%clk 0:14:53]} 53. Rc6
{[%clk 0:00:27]} Nf6 {[%clk 0:14:47]} 54. Rc4 {[%clk 0:00:34]} Nd7
{[%clk 0:14:29]} 55. Rd4 {[%clk 0:00:41]} Nb6 {[%clk 0:14:21]} 56. Kh2
{[%clk 0:00:46]} Kh8 {[%clk 0:14:23]} 57. Nd5 {[%clk 0:00:31]} Nxd5
{[%clk 0:14:24]} 58. Ra3 {[%clk 0:00:16]} Nb6 {[%clk 0:14:11]} 59. Re3
{[%clk 0:00:17]} Kh7 {[%clk 0:13:50]} 60. Rb3 {[%clk 0:00:15]} Nc8
{[%clk 0:13:30]} 61. Re3 {[%clk 0:00:14]} Ne7 {[%clk 0:13:13]} 62. Rc3
{[%clk 0:00:14]} Ng6 {[%clk 0:12:32]} 63. Re3 {[%clk 0:00:15]} Nh4
{[%clk 0:12:38]} 64. Re1 {[%clk 0:00:11]} Nf5 {[%clk 0:12:19]} 65. Ra4
{[%clk 0:00:16]} Nd6 {[%clk 0:12:14]} 66. Rd4 {[%clk 0:00:14]} Nxe4
{[%clk 0:12:02]} 67. b4 {[%clk 0:00:16]} axb4 {[%clk 0:12:01]} 68. Rxb4
{[%clk 0:00:25]} Nc3 {[%clk 0:12:02]} 69. Rxe5 {[%clk 0:00:15]} Rxe5
{[%clk 0:12:08]} 70. a4 {[%clk 0:00:14]} Ra5 {[%clk 0:12:16]} 71. Rc4
{[%clk 0:00:21]} Nxa4 {[%clk 0:12:21]} 72. Rc1 {[%clk 0:00:23]} Rg5
{[%clk 0:12:25]} 73. Rc4 {[%clk 0:00:30]} Nb6 {[%clk 0:12:32]} 74. Rc6
{[%clk 0:00:29]} Nd5 {[%clk 0:12:30]} 75. Rc5 {[%clk 0:00:35]} Nf4
{[%clk 0:12:34]} 76. Rxg5 {[%clk 0:00:41]} hxg5 {[%clk 0:12:42]} 77. Kg3
{[%clk 0:00:50]} Kh6 {[%clk 0:12:51]} 78. Kf3 {[%clk 0:00:56]} Kh5
{[%clk 0:12:58]} 79. Kf2 {[%clk 0:00:57]} g4 {[%clk 0:13:01]} 80. hxg4+
{[%clk 0:01:02]} Kxg4 {[%clk 0:13:09]} 81. g3 {[%clk 0:01:04]} Nh5
{[%clk 0:13:17]} 0-1

[Event "MCRDMZ 2018"]
[Site "Varnsdorf"]
[Date "2018.06.17"]
[Round "6.16"]
[White "Buchta Bartolomej (BSS F-M B)"]
[Black "Juhanak Daniel (Unichess)"]
[Result "0-1"]
[BlackElo "1504"]
[WhiteElo "1444"]
[LiveChessVersion "1.4.8"]

1. e4 {[%clk 0:25:17]} e6 {[%clk 0:25:17]} 2. d4 {[%clk 0:25:23]} d5
{[%clk 0:25:24]} 3. e5 {[%clk 0:25:25]} c5 {[%clk 0:25:31]} 4. Nf3
{[%clk 0:25:30]} Nc6 {[%clk 0:25:24]} 5. Nc3 {[%clk 0:25:09]} cxd4
{[%clk 0:24:24]} 6. Nxd4 {[%clk 0:25:13]} Nxe5 {[%clk 0:24:19]} 7. Be3
{[%clk 0:23:38]} Be7 {[%clk 0:23:30]} 8. Qd2 {[%clk 0:23:01]} Nf6
{[%clk 0:23:08]} 9. h3 {[%clk 0:22:16]} Bb4 {[%clk 0:21:36]} 10. f3
{[%clk 0:19:23]} Qa5 {[%clk 0:19:50]} 11. Be2 {[%clk 0:14:58]} O-O
{[%clk 0:16:55]} 12. O-O {[%clk 0:14:39]} Nc4 {[%clk 0:16:23]} 13. Bxc4
{[%clk 0:14:30]} dxc4 {[%clk 0:16:30]} 14. a3 {[%clk 0:13:55]} Bxc3
{[%clk 0:16:02]} 15. bxc3 {[%clk 0:14:01]} Nd5 {[%clk 0:16:08]} 16. Ne2
{[%clk 0:13:28]} Nxe3 {[%clk 0:15:18]} 17. Qxe3 {[%clk 0:13:33]} Bd7
{[%clk 0:13:42]} 18. Qe4 {[%clk 0:13:14]} Qc5+ {[%clk 0:13:06]} 19. Kh1
{[%clk 0:11:43]} Bc6 {[%clk 0:12:56]} 20. Qd4 {[%clk 0:11:35]} Qxd4
{[%clk 0:12:38]} 21. cxd4 {[%clk 0:11:40]} Rfd8 {[%clk 0:12:27]} 22. Rab1
{[%clk 0:11:22]} b6 {[%clk 0:11:49]} 23. Rfd1 {[%clk 0:11:09]} Ba4
{[%clk 0:11:47]} 24. Rd2 {[%clk 0:10:35]} Rac8 {[%clk 0:11:45]} 25. Nc3
{[%clk 0:10:29]} Bc6 {[%clk 0:11:31]} 26. Rb4 {[%clk 0:09:59]} Bd5
{[%clk 0:10:59]} 27. Nxd5 {[%clk 0:09:18]} Rxd5 {[%clk 0:10:14]} 28. c3
{[%clk 0:09:20]} e5 {[%clk 0:08:21]} 29. Rb1 {[%clk 0:09:12]} exd4
{[%clk 0:08:09]} 30. cxd4 {[%clk 0:08:48]} c3 {[%clk 0:07:59]} 31. Rc1
{[%clk 0:07:17]} Rc4 {[%clk 0:07:09]} 32. Re2 {[%clk 0:06:46]} Kf8
{[%clk 0:06:53]} 33. Kh2 {[%clk 0:04:25]} Rdxd4 {[%clk 0:06:39]} 34. Re3
{[%clk 0:04:32]} c2 {[%clk 0:06:35]} 35. Re2 {[%clk 0:04:39]} Rd3
{[%clk 0:06:01]} 36. Rexc2 {[%clk 0:04:19]} Rxc2 {[%clk 0:05:04]} 37. Rxc2
{[%clk 0:04:27]} Rxa3 {[%clk 0:04:52]} 38. Rc8+ {[%clk 0:04:35]} Ke7
{[%clk 0:05:00]} 39. Rc7+ {[%clk 0:04:44]} Kf6 {[%clk 0:05:09]} 40. Rc6+
{[%clk 0:04:43]} Kg5 {[%clk 0:05:13]} 41. Rc7 {[%clk 0:04:34]} Kg6
{[%clk 0:05:20]} 42. Rc6+ {[%clk 0:04:42]} f6 {[%clk 0:05:28]} 43. Kg3
{[%clk 0:04:14]} h5 {[%clk 0:04:26]} 44. Rd6 {[%clk 0:03:19]} b5 {[%clk 0:04:10]}
45. Rd7 {[%clk 0:02:55]} b4 {[%clk 0:03:32]} 46. Rb7 {[%clk 0:03:03]} b3
{[%clk 0:03:41]} 47. Kf4 {[%clk 0:03:04]} a5 {[%clk 0:03:37]} 48. Ke4
{[%clk 0:03:09]} Ra4+ {[%clk 0:03:37]} 49. Kd3 {[%clk 0:03:08]} Rb4
{[%clk 0:03:44]} 50. Rxb4 {[%clk 0:02:54]} axb4 {[%clk 0:03:53]} 51. g3
{[%clk 0:02:57]} h4 {[%clk 0:03:55]} 52. g4 {[%clk 0:03:04]} Kg5 {[%clk 0:04:04]}
53. Kd2 {[%clk 0:02:58]} Kf4 {[%clk 0:04:09]} 54. Kd3 {[%clk 0:03:01]} Kxf3
{[%clk 0:04:15]} 55. Kd2 {[%clk 0:03:05]} Kg3 {[%clk 0:04:21]} 56. Kd3
{[%clk 0:03:03]} Kxh3 {[%clk 0:04:29]} 57. Kd4 0-1

[Event "MCRDMZ 2018"]
[Site "Varnsdorf"]
[Date "2018.06.17"]
[Round "6.17"]
[White "Day Tobias (Unichess)"]
[Black "Ticha Sofie (BSS F-M B)"]
[Result "1-0"]
[BlackElo "1313"]
[WhiteElo "1361"]
[LiveChessVersion "1.4.8"]

1. e4 {[%clk 0:25:12]} c5 {[%clk 0:25:18]} 2. Nf3 {[%clk 0:25:14]} e6
{[%clk 0:25:24]} 3. d4 {[%clk 0:25:21]} cxd4 {[%clk 0:25:31]} 4. Nxd4
{[%clk 0:25:29]} Nc6 {[%clk 0:25:36]} 5. Nc3 {[%clk 0:25:36]} Nf6
{[%clk 0:25:42]} 6. Ndb5 {[%clk 0:25:29]} Bb4 {[%clk 0:25:24]} 7. a3
{[%clk 0:25:34]} Ba5 {[%clk 0:25:28]} 8. Nd6+ {[%clk 0:24:47]} Ke7
{[%clk 0:25:28]} 9. b4 {[%clk 0:21:40]} Bc7 {[%clk 0:25:29]} 10. Ndb5
{[%clk 0:20:37]} Be5 {[%clk 0:25:23]} 11. f4 {[%clk 0:18:47]} Bxc3+
{[%clk 0:25:13]} 12. Nxc3 {[%clk 0:18:48]} Re8 {[%clk 0:24:38]} 13. e5
{[%clk 0:18:06]} Ng8 {[%clk 0:23:57]} 14. Qd6# {[%clk 0:18:11]} 1-0

[Event "MCRDMZ 2018"]
[Site "Varnsdorf"]
[Date "2018.06.17"]
[Round "6.18"]
[White "Micova Barbora (BSS F-M B)"]
[Black "Dobsa Emma (Unichess)"]
[Result "0-1"]
[BlackElo "1400"]
[WhiteElo "1203"]
[LiveChessVersion "1.4.8"]

1. e4 {[%clk 0:25:18]} e5 {[%clk 0:25:19]} 2. Nf3 {[%clk 0:25:26]} Nc6
{[%clk 0:25:27]} 3. Nc3 {[%clk 0:25:33]} Nf6 {[%clk 0:25:35]} 4. Bb5
{[%clk 0:25:40]} Bb4 {[%clk 0:25:43]} 5. d3 {[%clk 0:25:44]} d6 {[%clk 0:25:41]}
6. O-O {[%clk 0:25:51]} O-O {[%clk 0:25:48]} 7. Bg5 {[%clk 0:25:58]} Bxc3
{[%clk 0:25:53]} 8. bxc3 {[%clk 0:26:04]} a6 {[%clk 0:25:32]} 9. Bc4
{[%clk 0:26:11]} Be6 {[%clk 0:25:15]} 10. Bb3 {[%clk 0:26:04]} Nb8
{[%clk 0:24:19]} 11. Re1 {[%clk 0:26:09]} Nbd7 {[%clk 0:24:18]} 12. Rb1
{[%clk 0:26:09]} h6 {[%clk 0:23:58]} 13. Bh4 {[%clk 0:26:17]} Nb6
{[%clk 0:22:38]} 14. d4 {[%clk 0:26:10]} Re8 {[%clk 0:21:06]} 15. h3
{[%clk 0:26:05]} Bxb3 {[%clk 0:21:03]} 16. Rxb3 {[%clk 0:26:08]} exd4
{[%clk 0:19:41]} 17. cxd4 {[%clk 0:26:09]} g5 {[%clk 0:19:34]} 18. Nxg5
{[%clk 0:25:50]} hxg5 {[%clk 0:19:28]} 19. Bxg5 {[%clk 0:25:57]} Re6
{[%clk 0:19:02]} 20. Qf3 {[%clk 0:25:43]} Qe7 {[%clk 0:18:37]} 21. Qg3
{[%clk 0:25:19]} Kf8 {[%clk 0:18:25]} 22. Bh6+ {[%clk 0:25:03]} Ke8
{[%clk 0:18:19]} 23. Bg5 {[%clk 0:25:10]} Nxe4 {[%clk 0:17:44]} 24. Rxe4
{[%clk 0:24:06]} f6 {[%clk 0:17:36]} 25. Rxe6 {[%clk 0:23:24]} Qxe6
{[%clk 0:17:42]} 26. Bd2 {[%clk 0:23:21]} Nc4 {[%clk 0:17:31]} 27. Qg6+
{[%clk 0:23:21]} Ke7 {[%clk 0:17:04]} 28. Qg7+ {[%clk 0:23:20]} Qf7
{[%clk 0:17:08]} 29. Bh6 {[%clk 0:23:02]} Rg8 {[%clk 0:17:00]} 30. Qxf7+
{[%clk 0:22:56]} Kxf7 {[%clk 0:17:07]} 31. Rxb7 {[%clk 0:22:53]} Rc8
{[%clk 0:16:31]} 32. g4 {[%clk 0:22:25]} Nb6 {[%clk 0:16:08]} 33. f4
{[%clk 0:22:19]} Ke7 {[%clk 0:16:07]} 34. h4 {[%clk 0:22:21]} Kd7
{[%clk 0:16:13]} 35. d5 {[%clk 0:22:14]} Ra8 {[%clk 0:16:02]} 36. g5
{[%clk 0:22:09]} fxg5 {[%clk 0:15:56]} 37. hxg5 {[%clk 0:22:16]} Kc8
{[%clk 0:16:01]} 38. Rxb6 {[%clk 0:21:56]} cxb6 {[%clk 0:16:08]} 39. f5
{[%clk 0:22:05]} Kd7 40. g6 Rg8 {[%clk 0:16:13]} 41. g7 {[%clk 0:22:16]} Ke7
{[%clk 0:16:19]} 42. Kg2 {[%clk 0:22:09]} Kf6 {[%clk 0:16:25]} 43. Kg3
{[%clk 0:22:12]} Kxf5 {[%clk 0:16:32]} 44. Kh4 {[%clk 0:22:16]} Kg6
{[%clk 0:16:38]} 45. Be3 {[%clk 0:22:17]} Rxg7 {[%clk 0:16:42]} 46. Bxb6
{[%clk 0:22:24]} Rb7 {[%clk 0:16:47]} 47. Bd4 {[%clk 0:22:21]} Kf5
{[%clk 0:16:48]} 48. c4 {[%clk 0:22:27]} Ke4 {[%clk 0:16:51]} 49. Bg1
{[%clk 0:22:33]} Rb4 {[%clk 0:16:51]} 50. c5 {[%clk 0:22:41]} Kxd5+
{[%clk 0:16:59]} 51. Kg3 {[%clk 0:22:46]} dxc5 {[%clk 0:17:06]} 52. Kf3
{[%clk 0:22:13]} c4 {[%clk 0:17:08]} 53. Be3 {[%clk 0:22:18]} c3 {[%clk 0:17:14]}
54. Bc1 {[%clk 0:22:26]} c2 {[%clk 0:17:22]} 55. Ke2 {[%clk 0:22:35]} Rc4
{[%clk 0:17:06]} 56. Kd2 {[%clk 0:22:40]} Kd4 {[%clk 0:17:06]} 57. Bb2+
{[%clk 0:22:38]} Ke4 {[%clk 0:17:03]} 58. Kc1 {[%clk 0:22:46]} Kd3
{[%clk 0:16:50]} 59. Bh8 {[%clk 0:22:50]} Rc3 {[%clk 0:16:47]} 60. Bxc3
{[%clk 0:22:41]} Kxc3 {[%clk 0:16:56]} 61. a3 {[%clk 0:22:41]} a5
{[%clk 0:17:04]} 62. a4 {[%clk 0:22:49]} Kb3 {[%clk 0:17:12]} 63. Kd2
{[%clk 0:22:48]} Kb2 {[%clk 0:17:20]} 64. Kd3 {[%clk 0:22:54]} c1=Q 65. Kd4
{[%clk 0:22:57]} Kb3 {[%clk 0:17:31]} 66. Kd5 {[%clk 0:23:06]} Kb4
{[%clk 0:17:39]} 67. Kd6 {[%clk 0:23:14]} Qc5+ {[%clk 0:17:47]} 68. Kd7
{[%clk 0:23:23]} Kxa4 {[%clk 0:17:45]} 69. Kd8 {[%clk 0:23:31]} Kb5
{[%clk 0:17:53]} 70. Kd7 {[%clk 0:23:40]} Kb6 71. Kd8 Kb7 {[%clk 0:17:57]} 72.
Kd7 {[%clk 0:23:47]} Qd5+ {[%clk 0:18:05]} 73. Ke7 {[%clk 0:23:55]} Kc8
{[%clk 0:18:13]} 74. Ke8 {[%clk 0:24:04]} Qe5+ {[%clk 0:18:21]} 75. Kf7
{[%clk 0:24:12]} Kd7 {[%clk 0:18:27]} 76. Kf8 {[%clk 0:24:20]} Qf6+
{[%clk 0:18:32]} 77. Kg8 {[%clk 0:24:27]} Ke7 {[%clk 0:18:38]} 78. Kh7
{[%clk 0:24:36]} Qg5 {[%clk 0:18:43]} 79. Kh8 {[%clk 0:24:45]} Kf7
{[%clk 0:18:45]} 80. Kh7 {[%clk 0:24:52]} Kf6 {[%clk 0:18:54]} 81. Kh8
{[%clk 0:25:00]} Qg7# {[%clk 0:19:03]} 0-1